LIBRARY & INFORMATION CENTRE, KCAET, TAVANUR

ONLINE PUBLIC ACCESS CATALOGUE (OPAC)

Seminar on foodgrains butten stocks in India / (Record no. 9861)

MARC details
000 -LEADER
fixed length control field 00361cam a2200133ua 4500
003 - CONTROL NUMBER IDENTIFIER
control field OSt
008 - FIXED-LENGTH DATA ELEMENTS--GENERAL INFORMATION
fixed length control field 220629b |||||||| |||| 00| 0 eng d
041 ## - LANGUAGE CODE
Language code of text/sound track or separate title eng
082 ## - DEWEY DECIMAL CLASSIFICATION NUMBER
Classification number 028.76338
Item number IND/SE
245 ## - TITLE STATEMENT
Title Seminar on foodgrains butten stocks in India /
260 ## - PUBLICATION, DISTRIBUTION, ETC. (IMPRINT)
Place of publication Mumbai :
Name of publisher Indian Society of Agricultural Economics ,
Year of publication 1969.
300 ## - PHYSICAL DESCRIPTION
Number of Pages 160 ; .
942 ## - ADDED ENTRY ELEMENTS (KOHA)
Koha item type Books
Holdings
Withdrawn status Lost status Damaged status Home library Current library Date acquired Full call number Accession Number Koha item type
      KAUAET KAUAET 21/11/1990 028.76338 16722 Reference
free website counter